000 00971nam a2200289 a 4500
001 77251
003 BD-RjUL
005 20211209082941.0
008 200308s1928 mauabcf b 000 0 eng
035 _a(BD-RjUL)77476
035 _a(OCoLC)2314110
040 _aDLC
_cScU
_dScU
_dOCoLC
_dDLC
_dBD-RjUL
_beng
041 _aeng
082 _223
_a821.6
_bJOH 1928
245 1 0 _aJohn Gay's London illustrated from the poetry of the time /
_cby William Henry Irving.
260 _aCambridge :
_bHarvard University Press,
_c1928.
300 _axviii, 459 p.:
_bill.;
_c22 cm.
504 _aBibliography: p. [425]-442.
600 1 0 _aGay, John,
_d1685-1732.
_tTrivia.
_9240501
650 0 _aEnglish poetry
_y18th century.
_9240497
651 0 _aLondon (England)
_xPoetry.
_9240498
651 0 _aLondon (England)
_xSocial life and customs
_y18th century.
_9240499
700 1 _aIrving, William Henry.
_9240502
942 _2ddc
_cBK
999 _c77251
_d77251